The Malaysian system of government

Bibliographic Details
Main Author: MAHATHIR bin Mohamad 1925-
Corporate Author: MALAYSIA
Format: Book
Published: Kuala Lumpur : Jabatan Perdana Menteri , 1995
Subjects:

MARC

LEADER 00000cam a2200000 7i4500
001 0000000592
005 20000911.0
090 0 0 |a 320.9595   |b MAH 1995 
100 0 0 |a MAHATHIR bin Mohamad   |f Dato' Seri   |c 1925- 
245 1 4 |a The Malaysian system of government   |c by Dato' Seri Dr. Mahathir b. Mohamad 
260 0 0 |a Kuala Lumpur :   |b Jabatan Perdana Menteri ,   |c 1995 
300 |a 115 p. ;   |c 19 cm. 
651 0 0 |a Malaysia   |x Politics and government 
710 1 1 |a MALAYSIA ,   |c Jabatan Perdana Menteri 
999 |a 0000000445   |b Monograph   |c Open Shelf   |e Default branch